banner-ar

MALEVCH : (Record no. 4833)

MARC details
000 -الفاتح
حقل البيانات ثابتة الطول 00650nam a2200229Ia 4500
008 - عناصر البيانات ثابتة الطول - معلومات عامة
حقل البيانات ثابتة الطول 140319s9999 xx 000 0 eng d
020 ## - الرقم الدولى المعيارى للكتب
الرقم الدولى المعيارى للكتاب 0080135074
040 ## - مصدر الفهرسة
وكالة الفهرسة الأصلية GCL /
وكالة النسخ GCL
082 04 - رقم تصنيف ديوى العشرى
رقم التصنيف 759.47
رقم المادة D M
100 1# - المدخل الرئيسى - إسم شخصى
الإسم الشخصى DEMOSFENOVA, GALINA
245 10 - بيان العنوان
العنوان MALEVCH :
بقية العنوان ARTIST AND THEORETICIAN /
بيان المسئوليه,etc DEMOSFENOVA, GALINA
700 1# - المدخل الاضافى - اسم شخصى
الإسم الشخصى MC KEE, SHARON
260 ## - PUBLICATION, DISTRIBUTION, ETC. (IMPRINT)
تاريخ النشر أو التوزيع 1990
260 ## - PUBLICATION, DISTRIBUTION, ETC. (IMPRINT)
تاريخ النشر أو التوزيع 1990
300 ## - الوصف المادى
التعداد 246 P
تفاصيل ماديه اخرى للوعاء ILL. ؛
أبعاد الوعاء 35 cm.
650 04 - المدخل الاضافى بالموضوع-مصطلح موضوعى
مصطلح موضوعي MALEVICH, KASIMIR (1878-1935)
650 04 - المدخل الاضافى بالموضوع-مصطلح موضوعى
مصطلح موضوعي ARTS
650 04 - المدخل الاضافى بالموضوع-مصطلح موضوعى
مصطلح موضوعي RUSSIA - ART
650 04 - المدخل الاضافى بالموضوع-مصطلح موضوعى
مصطلح موضوعي RUSSIA - PAINTERS
942 ## - عناصر المدخل الإضافي( كوها)
مصدر التصنيف او مخطط الترفيف Dewey Decimal Classification
Koha [default] item type كتاب
260 ## - PUBLICATION, DISTRIBUTION, ETC. (IMPRINT)
-- روسيا :
-- AVANT - GARADE ،
260 ## - PUBLICATION, DISTRIBUTION, ETC. (IMPRINT)
-- فرنسا :
-- FLAMMARION ،
Holdings
حالة التراجع حالة الفقد حالة تلف ليس للاعارة المكان المؤقت الموقع الحالى تاريخ الاكتساب اجمالي اﻻعارات رقم الطلب الباركود تاريخ اخر مشاهدة تاريخ تفعيل السعر نوع وعاء كوها
        مكتبة القاهرة الكبرى مكتبة القاهرة الكبرى 03/26/2014   759.47\D M 10825 03/26/2014 03/26/2014 كتاب

Powered By

EGPV